Statistics for Countries Beginning With COUNTRY.

Click here to take the quiz!

General Stats

  • This quiz has been taken 1,119 times
    (1,098 since last reset)
  • The average score is 38 of 50

Answer Stats

HintAnswer% Correct
OOman
99%
YYemen
97%
UUnited Kingdom
93%
UUnited States
92%
CCanada
90%
RRwanda
89%
UUganda
89%
CColombia
86%
UUruguay
86%
UUzbekistan
85%
RRepublic of the {Congo}
84%
NNiger
83%
RRussia
83%
UUnited Arab Emirates
83%
CChile
82%
NNigeria
82%
TTurkey
82%
TTurkmenistan
81%
CChina
80%
CChad
78%
NNamibia
78%
TTajikistan
78%
CCambodia
77%
NNorway
77%
NNicaragua
76%
NNorth Korea
76%
CCroatia
75%
RRomania
75%
CCameroon
74%
CComoros
74%
TTogo
74%
UUkraine
74%
NNauru
73%
TTanzania
73%
TTuvalu
73%
CCosta Rica
72%
CCuba
72%
TThailand
71%
CCzechia
70%
TTonga
69%
TTrinidad and Tobago
69%
NNepal
68%
NNetherlands
68%
NNew Zealand
67%
TTunisia
65%
NNorth Macedonia
64%
CCyprus
62%
CCape Verde
61%
CCentral African Republic
60%
TTaiwan
56%

Score Distribution

Percentile by Number Answered

Percent of People with Each Score

Your Score History

You have not taken this quiz since the last reset